000 01059nas a2200373 4500
001 BR0601011
003 BR-BrBNA
005 20231205105855.0
007 ta
008 230509b bl.|||p| |||| 00| 00por d
040 _aBR-BrBNA
_bpor
_cBiblioteca Nacional de Agricultura
041 _a(Pt)
072 _aL02
100 1 _aLazzari, R.
100 1 _aRadünz Neto, J.
100 1 _aEmanuelli, T.
100 1 _aPedron, F. de A.
100 1 _aCosta, M.L.
100 1 _aLoseckann, M.E.
100 1 _aCorreia, V.
100 1 _aBochi, V.C.
245 1 _aDiferentes fontes protéicas para a alimentação do jundiá (Rhamdia quelen)
650 _aBAGRE
650 _aNUTRIÇÃO ANIMAL
650 _aCARCAÇA
650 _aRENDIMENTO
650 _aFARINHA DE OSSO
650 _aFARINHA DE CARNE
650 _aFARINHA DE PEIXE
650 _aCOMPOSIÇÃO QUÍMICA
773 0 _tCiência Rural (Brazil)
_xISSN 0103-8478
_g(Jan-Feb 2006), v. 36(1) p. 240-246
_wBR0601011
909 _a202311
_bLúcia
_c55
_dLúcia Elande
942 _2AGRIS
_n0
_cANA
999 _c185123
_d185123